[Event "Novosibirsk U16"]
[Site "Novosibirsk"]
[Date "2010.10.04"]
[Round "7"]
[White "Krasnov, Lev"]
[Black "Moskalev, Alexander"]
[Result "0-1"]
[WhiteElo "1855"]
[BlackElo "2004"]
[PlyCount "68"]
[EventDate "2010.09.26"]
[EventType "swiss"]
[EventRounds "7"]
[EventCountry "RUS"]
[SourceTitle "EXT 2022"]
[Source "ChessBase"]
[SourceDate "2021.10.06"]
[SourceVersion "1"]
[SourceVersionDate "2021.10.06"]
[SourceQuality "1"]

1. c4 c5 2. Nc3 Nf6 3. Nf3 Nc6 4. g3 e5 5. Bg2 g6 6. 0-0 Bg7 7. d3 0-0 8. a3 d6 9. Rb1 Rb8 10. b4 b6 11. Bg5 h6 12. Bd2 Bd7 13. Ne1 Nh5 14. Qc1 Kh7 15. Nc2 f5 16. bxc5 dxc5 17. a4 Ne7 18. Qa3 a5 19. Nb5 Be6 20. Bc3 g5 21. Qb2 Ng6 22. Rbd1 Qd7 23. Rd2 f4 24. Ne1 Bh3 25. e3 Bxg2 26. Kxg2 Qc6+ 27. e4 Qd7 28. Nf3 Rbe8 29. Qa1 Nh4+ 30. Nxh4 gxh4 31. Qd1 f3+ 32. Kh1 Qh3 33. Rg1 hxg3 34. fxg3 f2 0-1

[Event "Novosibirsk April op"]
[Site "Novosibirsk"]
[Date "2010.04.06"]
[Round "4"]
[White "Popov, Eugeny Vladimirovic"]
[Black "Krasnov, Lev"]
[Result "1-0"]
[WhiteElo "2042"]
[BlackElo "1795"]
[PlyCount "83"]
[EventDate "2010.04.02"]
[EventType "swiss"]
[EventRounds "9"]
[EventCountry "RUS"]
[SourceTitle "EXT 2011"]
[Source "ChessBase"]
[SourceDate "2010.11.26"]
[SourceVersion "1"]
[SourceVersionDate "2010.11.26"]
[SourceQuality "1"]

1. d4 Nf6 2. Nf3 c5 3. d5 e6 4. c4 exd5 5. cxd5 d6 6. Nc3 g6 7. g3 Bg7 8. Bg2 0-0 9. 0-0 Re8 10. Bf4 a6 11. a4 h6 12. Re1 g5 13. Bc1 Bf5 14. Nd2 Nbd7 15. e4 Bg6 16. Nc4 Nb6 17. Na3 Qd7 18. a5 Nc8 19. Nc4 Rb8 20. e5 Nh7 21. e6 fxe6 22. dxe6 Qd8 23. Nd5 Bf8 24. Qf3 Bg7 25. Bd2 Ne7 26. Bc3 Rf8 27. Qd1 Bxc3 28. bxc3 Nxd5 29. Qxd5 Qe7 30. Qxd6 Rfe8 31. Qe5 Nf8 32. f4 gxf4 33. gxf4 Qh7 34. Bd5 Qe7 35. Re3 Kh7 36. Rae1 Qh4 37. Rg3 Nd7 38. Qe2 Nf6 39. Qg2 Nxd5 40. Qxd5 Qxf4 41. Qd7+ Bf7 42. Rf1 1-0

[Event "RUS-ch U10"]
[Site "Dagomys"]
[Date "2009.04.??"]
[Round "5"]
[White "Krasnov, Lev"]
[Black "Kudelya, Igor"]
[Result "0-1"]
[WhiteElo "1819"]
[BlackElo "1974"]
[PlyCount "100"]
[EventDate "2009.04.15"]
[EventType "swiss"]
[EventRounds "9"]
[EventCountry "RUS"]
[SourceTitle "EXT 2012"]
[Source "ChessBase"]
[SourceDate "2011.11.24"]
[SourceVersion "1"]
[SourceVersionDate "2011.11.24"]
[SourceQuality "1"]

1. d4 d5 2. c4 c6 3. Nc3 Nf6 4. Nf3 a6 5. c5 g6 6. Bf4 Bg7 7. e3 Bg4 8. Qb3 Qc8 9. Ne5 Nbd7 10. f3 Be6 11. Na4 0-0 12. Be2 Ra7 13. 0-0 Nxe5 14. Bxe5 Nd7 15. Bg3 Qd8 16. Nb6 Nxb6 17. Bc7 Qd7 18. Bxb6 Raa8 19. Qc3 f5 20. f4 Qe8 21. b4 Bd7 22. a4 h6 23. Qb3 e6 24. Rab1 Rf7 25. b5 axb5 26. axb5 cxb5 27. Bxb5 Bxb5 28. Qxb5 Qxb5 29. Rxb5 Ra3 30. Kf2 Ra2+ 31. Kg3 Ra3 32. Kf3 g5 33. Rd1 gxf4 34. Kxf4 Bf6 35. Kf3 Bg5 36. Kf2 Bxe3+ 37. Ke2 f4 38. Rb2 Rg7 39. Kf1 Ra4 40. Re2 Rg6 41. Rc2 Kf7 42. Bd8 Ke8 43. Bh4 Bxd4 44. Rb1 f3 45. g3 Be3 46. c6 bxc6 47. Rxc6 Rxh4 48. Rb7 Kd8 49. Rcc7 Rc4 50. Rxc4 dxc4 0-1

[Event "Novosibirsk op 03"]
[Site "Novosibirsk"]
[Date "2009.03.17"]
[Round "1"]
[White "Krasnov, Lev"]
[Black "Portal, Alexander"]
[Result "1-0"]
[WhiteElo "1819"]
[BlackElo "1796"]
[PlyCount "85"]
[EventDate "2009.03.17"]
[EventType "swiss"]
[EventRounds "9"]
[EventCountry "RUS"]
[SourceTitle "EXT 2012"]
[Source "ChessBase"]
[SourceDate "2011.11.24"]
[SourceVersion "1"]
[SourceVersionDate "2011.11.24"]
[SourceQuality "1"]

1. Nf3 d5 2. g3 Nf6 3. Bg2 e6 4. 0-0 c5 5. d4 Nc6 6. c4 Ne4 7. cxd5 exd5 8. Nc3 Nxc3 9. bxc3 Be6 10. Qa4 Qa5 11. Qb3 Qc7 12. Bf4 Qd7 13. Rab1 b6 14. Ne5 Nxe5 15. Bxe5 f6 16. Bf4 Rd8 17. a4 Be7 18. a5 g5 19. Bd2 Rb8 20. dxc5 Bxc5 21. h4 h6 22. Qc2 gxh4 23. Bf4 Rc8 24. e4 hxg3 25. Bxg3 Rg8 26. Kh2 Qf7 27. Bf3 Bd4 28. Qa4+ Kf8 29. Qxd4 Rc4 30. Bd6+ Ke8 31. Qd1 Qd7 32. Bg3 dxe4 33. Bh5+ Ke7 34. Qc1 Qc6 35. Qxh6 Rxc3 36. Qh7+ Kd8 37. Rfd1+ Rd3 38. Rxd3+ exd3 39. Qxd3+ Ke7 40. Bf3 Qc8 41. Qh7+ Ke8 42. Rd1 Qc5 43. Bh5+ 1-0

[Event "Dimitrovgrad-ch"]
[Site "Dimitrovgrad"]
[Date "2009.??.??"]
[Round "9"]
[White "Abanin, Vladimir"]
[Black "Krasnov, Lev"]
[Result "0-1"]
[WhiteElo "1885"]
[BlackElo "1815"]
[PlyCount "60"]
[EventDate "2009.08.??"]
[EventType "swiss"]
[EventRounds "9"]
[EventCountry "RUS"]
[SourceTitle "EXT 2012"]
[Source "ChessBase"]
[SourceDate "2011.11.24"]
[SourceVersion "1"]
[SourceVersionDate "2011.11.24"]
[SourceQuality "1"]

1. e4 d6 2. d4 g6 3. c4 Bg7 4. Nf3 Nf6 5. Nc3 0-0 6. Be2 e5 7. d5 Nbd7 8. b4 a5 9. Rb1 axb4 10. Rxb4 Nc5 11. Nd2 Ne8 12. Nb3 Na6 13. Ra4 Bd7 14. Ra3 f5 15. 0-0 Nf6 16. Bg5 Qe8 17. Bxf6 Bxf6 18. c5 Nxc5 19. Rxa8 Qxa8 20. Nxc5 dxc5 21. Bc4 Kh8 22. d6 c6 23. Qb3 b5 24. Be2 Qa7 25. Bf3 b4 26. Ne2 Ra8 27. Qf7 Bg7 28. Nc1 Rf8 29. Qe7 Kg8 30. exf5 Bf6 0-1

[Event "Dimitrovgrad-ch"]
[Site "Dimitrovgrad"]
[Date "2009.??.??"]
[Round "2"]
[White "Evstratenko, Vasily"]
[Black "Krasnov, Lev"]
[Result "0-1"]
[WhiteElo "1785"]
[BlackElo "1815"]
[PlyCount "87"]
[EventDate "2009.08.??"]
[EventType "swiss"]
[EventRounds "9"]
[EventCountry "RUS"]
[SourceTitle "EXT 2012"]
[Source "ChessBase"]
[SourceDate "2011.11.24"]
[SourceVersion "1"]
[SourceVersionDate "2011.11.24"]
[SourceQuality "1"]

1. d4 Nf6 2. Nf3 c5 3. d5 d6 4. c4 g6 5. Nc3 Bg7 6. g3 0-0 7. Bg2 e6 8. 0-0 exd5 9. cxd5 Nbd7 10. Bg5 h6 11. Bf4 Nb6 12. e4 Re8 13. Nd2 a6 14. a4 Nh7 15. a5 g5 16. Bxd6 Qxd6 17. axb6 Qxb6 18. Qb3 Qxb3 19. Nxb3 c4 20. Nd2 Bxc3 21. bxc3 Bd7 22. Rfe1 b5 23. e5 Ra7 24. Ne4 Kg7 25. Nc5 Bc8 26. d6 Nf8 27. Bc6 Rd8 28. Bxb5 Nd7 29. Nxd7 Bxd7 30. Bxc4 Rc8 31. Bxa6 Rca8 32. c4 Rxa6 33. Rxa6 Rxa6 34. c5 Rc6 35. Rc1 Kg6 36. f4 gxf4 37. gxf4 Kf5 38. Rc4 Ke6 39. Kf2 Kd5 40. Rc1 Rxc5 41. Rxc5+ Kxc5 42. Kg3 Kd5 43. h4 Ke4 44. h5 0-1

[Event "Dimitrovgrad-ch"]
[Site "Dimitrovgrad"]
[Date "2009.??.??"]
[Round "3"]
[White "Krasnov, Lev"]
[Black "Krasnov, Yury"]
[Result "0-1"]
[WhiteElo "1815"]
[BlackElo "2095"]
[PlyCount "66"]
[EventDate "2009.08.??"]
[EventType "swiss"]
[EventRounds "9"]
[EventCountry "RUS"]
[SourceTitle "EXT 2012"]
[Source "ChessBase"]
[SourceDate "2011.11.24"]
[SourceVersion "1"]
[SourceVersionDate "2011.11.24"]
[SourceQuality "1"]

1. d4 Nf6 2. c4 e6 3. Nc3 c5 4. d5 exd5 5. cxd5 d6 6. e4 g6 7. f4 Bg7 8. Bb5+ Nfd7 9. Nf3 0-0 10. 0-0 a6 11. Bd3 b5 12. Re1 c4 13. Bc2 Nc5 14. e5 Bg4 15. exd6 Qxd6 16. Ne4 Nxe4 17. Bxe4 Nd7 18. h3 Bxf3 19. Qxf3 f5 20. Bc2 Nf6 21. Be3 Qxd5 22. Qf1 Ne4 23. Rad1 Qc6 24. Bxe4 fxe4 25. Re2 Rad8 26. Red2 Rd3 27. Rxd3 exd3 28. Rd2 Qe4 29. Qf3 Qxf3 30. gxf3 Rd8 31. Kf2 b4 32. Bb6 c3 33. bxc3 bxc3 0-1

[Event "Dimitrovgrad-ch"]
[Site "Dimitrovgrad"]
[Date "2009.??.??"]
[Round "1"]
[White "Krasnov, Lev"]
[Black "Shakirov, Alexander"]
[Result "1/2-1/2"]
[WhiteElo "1815"]
[BlackElo "2055"]
[PlyCount "72"]
[EventDate "2009.08.??"]
[EventType "swiss"]
[EventRounds "9"]
[EventCountry "RUS"]
[SourceTitle "EXT 2012"]
[Source "ChessBase"]
[SourceDate "2011.11.24"]
[SourceVersion "1"]
[SourceVersionDate "2011.11.24"]
[SourceQuality "1"]

1. Nf3 c5 2. g3 Nc6 3. Bg2 e5 4. 0-0 g6 5. c4 Bg7 6. Nc3 Nge7 7. e4 0-0 8. d3 d6 9. Be3 f5 10. Qc2 a6 11. Nd5 Rb8 12. a3 Bd7 13. b4 Nd4 14. Nxd4 cxd4 15. Bd2 Nxd5 16. cxd5 f4 17. Rac1 Rc8 18. Qb3 g5 19. Rxc8 Qxc8 20. Rc1 Qb8 21. Qd1 Rc8 22. Qh5 Rxc1+ 23. Bxc1 Qc8 24. Bd2 Qc2 25. Qxg5 Qd1+ 26. Bf1 Bh3 27. Qd8+ Kf7 28. Qc7+ Kg6 29. Qc1 Qh5 30. Bxh3 Qxh3 31. Qf1 Qg4 32. f3 Qg5 33. Qg2 Bh6 34. gxf4 exf4 35. Qxg5+ Bxg5 36. a4 b5 1/2-1/2

[Event "Novosibirsk-ch sf"]
[Site "Novosibirsk"]
[Date "2008.01.13"]
[Round "1"]
[White "Konjkov, Victor"]
[Black "Krasnov, Lev"]
[Result "1-0"]
[WhiteElo "1981"]
[BlackElo "1759"]
[PlyCount "69"]
[EventDate "2008.01.13"]
[EventType "swiss"]
[EventRounds "9"]
[EventCountry "RUS"]
[SourceTitle "EXT 2010"]
[Source "ChessBase"]
[SourceDate "2010.11.25"]
[SourceVersion "1"]
[SourceVersionDate "2010.11.25"]
[SourceQuality "1"]

1. e4 e6 2. d4 d5 3. Nd2 Nd7 4. e5 c5 5. c3 Ne7 6. f4 Nf5 7. Ndf3 cxd4 8. cxd4 Bb4+ 9. Kf2 0-0 10. Bd3 f6 11. Bxf5 exf5 12. Qb3 Qa5 13. Ne2 fxe5 14. fxe5 Nb6 15. Bg5 Qa4 16. Qd3 Qe8 17. Rac1 Bd7 18. a3 Be7 19. Bd2 Bb5 20. Qb3 Bc4 21. Qd1 Na4 22. Bc3 Nxc3 23. Nxc3 Qd7 24. Re1 Rfe8 25. b3 Bxa3 26. bxc4 Bxc1 27. Qxc1 dxc4 28. Qb1 a6 29. d5 Qc7 30. Qb4 b5 31. d6 Qb6+ 32. Kf1 Rad8 33. Nd5 Qb7 34. Nc7 Rf8 35. Ne6 1-0